The Wishbone Hill district, Matanuska coal field, Alaska, (Record no. 29061)

MARC details
000 -LEADER
fixed length control field 01037cam a22002891a 4500
001 - CONTROL NUMBER
control field gs 56000154
003 - CONTROL NUMBER IDENTIFIER
control field DLC
005 - DATE AND TIME OF LATEST TRANSACTION
control field 20260227111404.0
008 - FIXED-LENGTH DATA ELEMENTS--GENERAL INFORMATION
fixed length control field 780627s1956 dcuab b f000 0 eng
010 ## - LIBRARY OF CONGRESS CONTROL NUMBER
LC control number gs 56000154
035 ## - SYSTEM CONTROL NUMBER
System control number (OCoLC)4011946
040 ## - CATALOGING SOURCE
Original cataloging agency DLC
Transcribing agency OClU
Modifying agency DNAL
-- OCoLC
-- DLC
050 00 - LIBRARY OF CONGRESS CALL NUMBER
Classification number QE75
Item number .B9 no. 1016
051 ## - LIBRARY OF CONGRESS COPY, ISSUE, OFFPRINT STATEMENT
Classification number TN805.A7
Item number B3
Copy information Copy 2.
070 0# - NATIONAL AGRICULTURAL LIBRARY CALL NUMBER
Classification number 407
Item number G29B no.1016
072 #0 - SUBJECT CATEGORY CODE
Subject category code X400
100 1# - MAIN ENTRY--PERSONAL NAME
Personal name Barnes, Farrell F.
Fuller form of name (Farrell Francis),
Dates associated with a name 1905-
245 14 - TITLE STATEMENT
Title The Wishbone Hill district, Matanuska coal field, Alaska,
Statement of responsibility, etc. by Farrell F. Barnes and Thomas G. Payne.
260 ## - PUBLICATION, DISTRIBUTION, ETC.
Place of publication, distribution, etc. Washington,
Name of publisher, distributor, etc. U.S. Govt. Print. Off.,
Date of publication, distribution, etc. 1956.
300 ## - PHYSICAL DESCRIPTION
Extent vi, 88 p.
Other physical details illus., maps.
Dimensions 24 cm.
410 10 - SERIES STATEMENT/ADDED ENTRY--CORPORATE NAME [OBSOLETE, CAN/MARC], [LOCAL, USA]
Corporate name or jurisdiction name as entry element United States.
Subordinate unit Geological Survey.
Title of a work Bulletin
Volume number/sequential designation 1016
500 ## - GENERAL NOTE
General note Twenty folded leaves in pocket.
504 ## - BIBLIOGRAPHY, ETC. NOTE
Bibliography, etc. note Bibliography: p. 84-85.
650 #0 - SUBJECT ADDED ENTRY--TOPICAL TERM
Topical term or geographic name entry element Coal
Geographic subdivision Alaska
-- Wishbone Hill district.
650 #0 - SUBJECT ADDED ENTRY--TOPICAL TERM
Topical term or geographic name entry element Geology
Geographic subdivision Alaska
-- Wishbone Hill district.
700 1# - ADDED ENTRY--PERSONAL NAME
Personal name Payne, Thomas G.
Fuller form of name (Thomas Gibson),
Dates associated with a name 1915-
Relator term joint author.

No items available.

Powered by Koha